| 000 | 00506nam a2200181Ia 4500 | ||
|---|---|---|---|
| 005 | 20250326144106.0 | ||
| 008 | 250326s9999 xx 000 0 und d | ||
| 037 | _aTextbook | ||
| 040 |
_aFMSL _beng _cFMSL |
||
| 041 |
_aeng _2eng |
||
| 084 |
_aY:434 P6 _qFMSL |
||
| 100 |
_aBanerjee AV _9749010 |
||
| 245 | 0 |
_aUnderstanding poverty _cBanerjee Av; Benabou R And Others |
|
| 260 |
_aNew Delhi _bNew Delhi, OUP _c2006 |
||
| 300 | _a443p | ||
| 942 |
_cTB _hY:434 P6 |
||
| 999 |
_c1302323 _d1302323 |
||